|
|
|
|
| LEADER |
00000nam0a2200000 4500 |
| 001 |
6768 |
| 005 |
20231030180308.0 |
| 010 |
|
|
|a 5701900096
|
| 035 |
|
|
|a (RuTPU)RU\TPU\book\6808
|
| 035 |
|
|
|a BOOK00006865
|
| 090 |
|
|
|a 6768
|
| 100 |
|
|
|a 20011209d1994 m y0rusy50 ca
|
| 101 |
1 |
|
|a rus
|c eng
|
| 102 |
|
|
|a UA
|
| 105 |
|
|
|a a z 000ay
|
| 200 |
1 |
|
|a Зачем их звать обратно с небес? Все живое
|e Романы
|e пер. с англ.
|f К. Саймак
|
| 210 |
|
|
|a Запорожье
|c Ковчег
|d 1994
|
| 215 |
|
|
|a 368 с.
|c ил.
|
| 333 |
|
|
|a Исключено из фонда НТБ ТПУ
|
| 700 |
|
1 |
|a Саймак
|b К.
|g Клиффорд
|
| 801 |
|
0 |
|a RU
|b 63413507
|c 20011209
|g PSBO
|
| 801 |
|
2 |
|a RU
|b 63413507
|c 20220622
|g PSBO
|
| 942 |
|
|
|c BK
|